000
00268nam a22001217a 4500
008
181030b xxu||||| |||| 00| 0 eng d
041
_a
eng
080
_a
616.8-006
100
_a
6
101
_a
KAN
245
_a
Tumors of the Intestines
_c
Wood, D.A
942
_2
udc
_c
BK
999
_c
51188
_d
51188